El hecho ilc̕ito internacional

Detalles Bibliográficos
Autor principal: Gutiřrez Espada, Cesr̀eo
Formato: Desconocido
Lenguaje:español
Publicado: Madrid : Dykinson, c2005
Materias:
Acceso en línea:Acceso restringido

MARC

LEADER 00000ny a22000003n 4500
005 20110621120317.0
006 m u
007 cr cn|||||||||
008 200606r2005 sp |||||s|||||||||||spa d
020 |a 9788497726610 
035 |a 1293 
040 |a FlNmELB  |c FlNmELB  |d vlex 
050 1 4 |a JX5402  |b G984 2005eb 
080 |a 341 
090 |c 1292  |d 1292 
100 1 |a Gutiřrez Espada, Cesr̀eo 
245 1 3 |a El hecho ilc̕ito internacional  |h [Recurso electrn̤ico]  |c Cesr̀eo Gutiřrez Espada 
256 |a Servicio en ln̕ea 
260 |a Madrid :  |b Dykinson,  |c c2005 
300 |a 243 p 
506 1 |a Contenido solo disponible en los productos indicados  |d vLex Global  |d vLex Global (Academic Edition, excluding Law Schools)  |d vLex Global (U.S. Academic Edition, Law Schools)  |d vLex Global (U.S. Academic Edition, excluding Law Schools)  |d vLex Global (Academic Edition, Law Schools) 
650 0 7 |a Derecho internacional  |2 Tesauro vLex 
650 0 7 |a Civil  |2 Tesauro vLex 
740 |a vLex Libros (Servicios en ln̕ea) 
856 4 0 |u http://vlex.com/source/1293  |z Acceso restringido 
942 |c BOOK